Calculated risk / (Record no. 23876)
[ view plain ]
| 000 -LEADER | |
|---|---|
| fixed length control field | 00827nam a22002652a 4500 |
| 001 - CONTROL NUMBER | |
| control field | 23876 |
| 003 - CONTROL NUMBER IDENTIFIER | |
| rucl marc code | BD-RjUL |
| 005 - DATE AND TIME OF LATEST TRANSACTION | |
| control field | 20211209001000.0 |
| 008 - FIXED-LENGTH DATA ELEMENTS--GENERAL INFORMATION | |
| fixed length control field | 140312s1950 nyuabc 001 0 eng d |
| 035 ## - SYSTEM CONTROL NUMBER | |
| System control number | (BD-RjUL) 23941 |
| 040 ## - CATALOGING SOURCE | |
| Original cataloging agency | DLC |
| Transcribing agency | OUN |
| Modifying agency | OCL |
| -- | SER |
| -- | OCL |
| -- | NYP |
| -- | BD-RjUL |
| Language of cataloging | eng |
| 041 ## - LANGUAGE CODE | |
| Language code of text/sound track or separate title | eng |
| 082 ## - DEWEY DECIMAL CLASSIFICATION NUMBER | |
| Classification number | 940.542 |
| Author mark and year | CLC 1950 |
| 100 1# - MAIN ENTRY--PERSONAL NAME | |
| Personal name | Clark, Mark W. |
| Fuller form of name | (Mark Wayne), |
| Dates associated with a name | 1896-1984. |
| 9 (RLIN) | 73521 |
| 245 10 - TITLE STATEMENT | |
| Title | Calculated risk / |
| 250 ## - EDITION STATEMENT | |
| Edition statement | [1st ed.] |
| 260 ## - PUBLICATION, DISTRIBUTION, ETC. (IMPRINT) | |
| Place of publication, distribution, etc. | New York : |
| Name of publisher, distributor, etc. | Harper, |
| Date of publication, distribution, etc. | c1950. |
| 300 ## - PHYSICAL DESCRIPTION | |
| Pagination | 500 p. : |
| Illustrations | illus., ports., maps. ; |
| Size | 22 cm |
| 500 ## - GENERAL NOTE | |
| General note | Includes index. |
| 650 #0 - SUBJECT ADDED ENTRY--TOPICAL TERM | |
| Topical term or geographic name as entry element | World War, 1939-1945 |
| General subdivision | Campaigns |
| Geographic subdivision | Africa |
| 9 (RLIN) | 73522 |
| Topical term or geographic name as entry element | World War, 1939-1945 |
| General subdivision | Campaigns |
| Geographic subdivision | Italy |
| 9 (RLIN) | 73523 |
| Topical term or geographic name as entry element | World War, 1939-1945 |
| General subdivision | Afro-American troops |
| 9 (RLIN) | 73524 |
| 942 ## - ADDED ENTRY ELEMENTS (KOHA) | |
| Source of classification or shelving scheme | Dewey Decimal Classification |
| Koha item type | Books |
| Lost status | Source of classification or shelving scheme | Damaged status | Not for loan | Collection code | Permanent Location | Current Location | Shelving location | Date acquired | Source of acquisition | Cost, normal purchase price | Total Checkouts | Full call number | Date last seen | Copy number | Koha item type |
|---|---|---|---|---|---|---|---|---|---|---|---|---|---|---|---|
| Dewey Decimal Classification | Added to bundle | Non-fiction | Central Library, University of Rajshahi | Central Library, University of Rajshahi | Reading Room | 22/02/1958 | U.S.I.S. Dacca | 0.00 | 940.542 CLC 1950 | 12/03/2014 | C-1 | Books |